00917nam a2200253 a 450000100060000000300080000600500170001400800410003103500190007203500200009103500200011104000440013104100080017508200260018310000190020924500740022826000360030230000290033850001380036750400270050560000480053260000520058060000310063242986BD-RjUL20211209053628.0160618s1961 nyua b 000 0 eng c a(BD-RjUL)43104 a(OCoLC)00399608 a(OCoLC)00168872 aArizona. Univ. Libr.cMRCdBD-RjULbeng aeng 223a330.153bPAM 19611 aPaglin, Morton10aMalthus & Lauderdale :bthe anti-Ricardian tradition /cMorton Paglin aNew York :bA.M. Kelley,cc1961 a184 p. :bill. ;c21 cm. a"An earlier draft of part of this material was submitted as a doctoral dissertation at the University of California, Berkeley, 1956." aIncludes bibliography.10aMalthus, T. R.q(Thomas Robert)d1766-1834.10aLauderdale, James MaitlandcEarl ofd1759-1839.10aRicardo, Davidd1772-1823.